Most Popular Video-Game by Year - Statistics

General Stats
  • This quiz has been taken 1,049 times
  • The average score is 13 of 35
Answer Stats
Hint Answer % Correct
2011 Minecraft
87%
2012 Minecraft
87%
2014 Minecraft
87%
2015 Minecraft
87%
2016 Minecraft
87%
2018 Minecraft
87%
2019 Minecraft
87%
2020 Minecraft
87%
2021 Minecraft
87%
2022 Minecraft
87%
2023 Minecraft
87%
2024 Minecraft
87%
2017 Fortnite
64%
2013 GTA V
29%
1998 The Legend of Zelda
29%
1991 Sonic The Hedgehog
25%
2004 GTA San Andreas
17%
2006 Wii Sports
17%
2007 Wii Sports
17%
1996 Super Mario 64
13%
1997 Super Mario 64
13%
2001 GTA III
12%
2002 GTA Vice City
11%
2010 Call of Duty Black Ops
10%
1990 Super Mario World
10%
2008 Mario Kart Wii
8%
2009 Mario Kart Wii
8%
2005 Call of Duty 2
7%
2000 Pokemon Gold/Silver
4%
1994 Donkey Kong Country
3%
1993 Star Fox
2%
1999 Donkey Kong 64
1%
1992 Sonic The Hedgehog 2
1%
2003 Enter the Matrix
0%
1995 Star Trek
0%
No matching quizzes found
Score Distribution
Percent of People with Each Score
Percentile by Number Answered
Your Score History
You have not taken this quiz